| 000 | 00559cam a2200205ua 4500 | ||
|---|---|---|---|
| 001 | 3702 | ||
| 008 | 111222n ii |||gr||||Z||||||eng | ||
| 020 | _a978-0-19-563208-8 | ||
| 020 | _a0-19-563208-7 | ||
| 040 | _cMAIN | ||
| 082 | _a891.1 | ||
| 100 |
_aIyer, Raghavan , _eEditor. |
||
| 245 | 1 | 1 |
_aEssential writings of Mahatma Gandhi _ced. by Raghavan Iyer |
| 250 | _a15th. | ||
| 260 |
_aNew Delhi: _bOxford university press., _c2006. |
||
| 300 |
_axvi; 441p: _c23cm. |
||
| 653 | _aEnglish | ||
| 653 | _aEssential writings of Mahatma Gandhi | ||
| 942 | _cBK | ||
| 999 |
_c3529 _d3529 |
||